| 000 | 00612nam a22001937a 4500 | ||
|---|---|---|---|
| 005 | 20251108175035.0 | ||
| 008 | 250721s2010 xx 000 0 ara d | ||
| 082 | 1 | 4 | _a302.2/جبو |
| 100 | 1 |
_aالجبور، سناء _eمؤلف |
|
| 245 | 1 | 0 | _aالإعلام الاجتماعي / |
| 264 | 1 |
_aعمان : _bدار أسامة للنشر والتوزيع، _c2010. |
|
| 300 | _a208ص. | ||
| 650 | 1 | 7 | _aالاتصال الجماهيري |
| 650 | 1 | 7 | _aالاعلام |
| 650 | 1 | 7 | _aالعمل الجماعي ( تدريس ) |
| 650 | 1 | 7 | _aسيكولوجية الاتصال |
| 942 |
_2ddc _cBK |
||
| 999 |
_c124661 _d124661 |
||